| 000 | 00565 a2200181 4500 | ||
|---|---|---|---|
| 999 |
_c26560 _d26560 |
||
| 008 | 230630b ||||| |||| 00| 0 eng d | ||
| 020 |
_a9788131519523 _cRs695.00 |
||
| 041 | 0 | _aeng | |
| 082 | 0 | 0 |
_a518.285 _bC51868 |
| 100 | _aCheney, Ward | ||
| 245 |
_aNumerical Mathematics and Computing / _cWard Cheney, and David Kincaid |
||
| 250 | _a7th ed. | ||
| 260 |
_aDelhi : _bCengage learning india pvt. ltd., _c2022. |
||
| 300 |
_axxii, 678 p. : _bill. ; _c26 cm. |
||
| 650 | 0 | _aNumerical analysis-Data Processing | |
| 700 |
_95542 _aKincaid, David |
||
| 942 |
_2ddc _cBK |
||